Countries of Asia with an Empty Map - Statistics

General Stats
  • This quiz has been taken 49 times
  • The average score is 46 of 48
Answers on the Map
Answers color-coded by a green-red scale on the quiz's map according to % correct below.
 
Answer Stats
Country % Correct
Afghanistan
100%
India
100%
Iran
100%
Iraq
100%
Myanmar
100%
Nepal
100%
Pakistan
100%
Qatar
100%
Sri Lanka
100%
Turkmenistan
100%
United Arab Emirates
100%
Uzbekistan
100%
Armenia
97%
Azerbaijan
97%
Bahrain
97%
Bhutan
97%
Cambodia
97%
China
97%
Georgia
97%
Indonesia
97%
Japan
97%
Kazakhstan
97%
Kyrgyzstan
97%
Laos
97%
Mongolia
97%
Oman
97%
Saudi Arabia
97%
Syria
97%
Tajikistan
97%
Thailand
97%
Vietnam
97%
Yemen
97%
Bangladesh
95%
Brunei
95%
East Timor
95%
Israel
95%
Jordan
95%
Malaysia
95%
Maldives
95%
Philippines
95%
Taiwan
95%
Turkey
95%
Kuwait
92%
North Korea
92%
Singapore
92%
South Korea
92%
Cyprus
87%
Lebanon
87%
No matching quizzes found
Score Distribution
Percent of People with Each Score
Percentile by Number Answered
Your Score History
You have not taken this quiz